Introducción a la informática y los sistemas de información administrativos
Guardat en:
| Autors principals: | , , |
|---|---|
| Format: | Llibre |
| Idioma: | espanyol |
| Publicat: |
Santiago
Universitaria
1986
|
| Edició: | 9a. ed |
| Matèries: | |
| Etiquetes: |
Afegir etiqueta
Sense etiquetes, Sigues el primer a etiquetar aquest registre!
|
MARC
| LEADER | 00000nam a2200000 a 4500 | ||
|---|---|---|---|
| 001 | UCV4188 | ||
| 003 | CL-VaPUC | ||
| 008 | 900727e19860000CL |||||||||||||||||spa|d | ||
| 082 | 0 | 4 | |a 004 |b BAR |2 21 |
| 100 | 0 | |a Barros V., Oscar |e author |9 298512 | |
| 700 | 0 | |a Holgado S. M., Antonio |e author |9 298513 | |
| 700 | 0 | |a Pérez V., Víctor L |e author |9 298514 | |
| 245 | 1 | 0 | |a Introducción a la informática y los sistemas de información administrativos |
| 250 | |a 9a. ed | ||
| 300 | |a 147 p | ||
| 942 | |c BK | ||
| 945 | |d 19900727 00:00:00 | ||
| 260 | |a Santiago |b Universitaria |c 1986 | ||
| 650 | 7 | |a SISTEMAS DE ALMACENAMIENTO Y RECUPERACION DE INFORMACIONADMINISTRACION |2 CL-VaPUC |9 260040 | |
| 650 | 0 | |a Sistemas de información en administración |9 260041 | |
| 583 | |a last modification |c 19900727 00:00:00 |k Rodrigo Vera | ||
| 999 | |c 211151 |d 211149 | ||
| 952 | |0 0 |1 0 |4 0 |6 004_000000000000000_BAR_1986 |7 0 |8 A |9 189330 |a BIBGIM |b BIBGIM |d 2019-11-14 |i 1414313 |o 004 BAR 1986 |p 1414313 |r 2025-01-15 |w 2019-11-14 |y BK |k COM | ||